Housing statistics Great Britain - (June quarter 2000 - September quarter 2000) (Record no. 100719)

MARC details
000 -LEADER
fixed length control field 00903cam a2200265 4500
001 - CONTROL NUMBER
control field J61828
008 - FIXED-LENGTH DATA ELEMENTS--GENERAL INFORMATION
fixed length control field 000000n2000 000 0 eng u
020 ## - INTERNATIONAL STANDARD BOOK NUMBER
International Standard Book Number 0117820148
020 ## - INTERNATIONAL STANDARD BOOK NUMBER
International Standard Book Number 0117820156
035 ## - SYSTEM CONTROL NUMBER
System control number (Sirsi) u107795
050 ## - LIBRARY OF CONGRESS CALL NUMBER
Classification number 306.0212
110 ## - MAIN ENTRY--CORPORATE NAME
Corporate name or jurisdiction name as entry element United Kingdom
Subordinate unit Department of the Environment, Transport and the Regions
9 (RLIN) 3507
245 ## - TITLE STATEMENT
Title Housing statistics Great Britain - (June quarter 2000 - September quarter 2000)
260 ## - PUBLICATION, DISTRIBUTION, ETC.
Place of publication, distribution, etc. London
Name of publisher, distributor, etc. Stationery Office
Date of publication, distribution, etc. 2000
300 ## - PHYSICAL DESCRIPTION
Extent 2 pt. ; 30cm.
350 ## - PRICE (NR) (BK AM CF MU VM SE) [OBSOLETE]
Price 75.00
520 ## - SUMMARY, ETC.
Summary, etc. Until March quarter 2000 published in two parts as Housing and Construction Statistics Great Britain Part 1 and Part 2 q.v.
650 ## - SUBJECT ADDED ENTRY--TOPICAL TERM
Topical term or geographic name entry element CONSTRUCTION INDUSTRY
650 ## - SUBJECT ADDED ENTRY--TOPICAL TERM
Topical term or geographic name entry element DCLG HOUSING AND CONSTRUCTION STATISTICS
650 ## - SUBJECT ADDED ENTRY--TOPICAL TERM
Topical term or geographic name entry element STATISTICS
690 ## - LOCAL SUBJECT ADDED ENTRY--TOPICAL TERM (OCLC, RLIN)
Topical term or geographic name as entry element HOUSING
710 ## - ADDED ENTRY--CORPORATE NAME
Corporate name or jurisdiction name as entry element Scottish Executive
9 (RLIN) 3811
710 ## - ADDED ENTRY--CORPORATE NAME
Corporate name or jurisdiction name as entry element NAFW
9 (RLIN) 3812
942 ## - ADDED ENTRY ELEMENTS (KOHA)
Suppress in OPAC 0
Holdings
Withdrawn status Lost status Source of classification or shelving scheme Damaged status Not for loan Home library Current library Shelving location Date acquired Total Checkouts Full call number Barcode Date last seen Copy number Price effective from Koha item type
    Dewey Decimal Classification     London London Statistics 02/05/2001   STATISTICS 30064246 06/08/2019 2 06/08/2019 Reference material
    Dewey Decimal Classification     London London Statistics 02/05/2001   STATISTICS 30063713 06/08/2019 3 06/08/2019 Reference material